| 000 | 00746nam a2200229 u 4500 | ||
|---|---|---|---|
| 005 | 20230923063603.0 | ||
| 008 | 090928s2005 cl r 000 0 spa d | ||
| 020 | _a9588252105 | ||
| 035 | _aUPN01000172664 | ||
| 049 | _aCG | ||
| 050 | 4 |
_aKHH480 _bA4.4 |
|
| 100 | 1 | _aAmar Amar, José | |
| 245 | 1 | 0 |
_aInfancia, familia y derechos humanos / _cJosé Amar Amar, Camilo Madariaga Orozco, Alfonso Macías Ospino. |
| 260 |
_aBarranquilla, Col. : _bUninorte, _c2005. |
||
| 300 | _a118 p. | ||
| 650 | 4 |
_aRELACIONES DE FAMILIA - _zCOLOMBIA _99770 |
|
| 650 | 4 |
_aDERECHO FAMILIAR - _zCOLOMBIA _912018 |
|
| 650 | 2 |
_aDesarrollo humano _913482 |
|
| 700 | 1 |
_aMadariaga Orozco, Camilo, _ecoaut. |
|
| 700 | 1 |
_aMacías Opino, Alonso, _ecoaut. |
|
| 905 | _aLibro | ||
| 999 |
_c144768 _d144768 |
||